000 00447nam a22001697a 4500
003 NUST - PNEC
005 20170116180849.0
008 150825b xxu||||| |||| 00| 0 eng d
020 _a0750651318
040 _cLIBRARY
082 _a629.23 HEI
100 _95618
_aHeisler, Heinz
245 _aAdvanced vehicle technology
_cHeinz Heisler
250 _a2nd ed.
650 _95619
_aVechicle maintenance, Automobile design
_xME
942 _2ddc
_cBK
999 _c64559
_d64559